000 00740nam a2200253Ia 4500
003 OSt
005 20260417173112.0
006 a|||||r|||| 00| 0
007 ta
008 220926b |||||||| |||| 00| 0 eng d
024 _a25689
037 _cTheses
040 _aCRL
_cCRL
_beng
041 _2eng
_aeng
100 _aAddlakha Renu
110 _aUniversity of Delhi. Faculty of Social Sciences. Department of Sociology
245 0 _aAspects of psychopathology and society
260 _c1999
650 _aSOCIOLOGY
700 _a Das Veena Gu.
_9530695
700 _aUniversity of Delhi. Faculty of Social Sciences. Department of Sociology
942 _cTH
_2CC
999 _c864456
_d864456